| 000 | 00691nam a2200229 i 4500 | ||
|---|---|---|---|
| 001 | 81657 | ||
| 003 | ES-MaACL | ||
| 005 | 20250804062600.0 | ||
| 007 | t| | ||
| 008 | 041105s1972 sp |||| | spa d | ||
| 080 | _a394.3 | ||
| 100 | 1 |
_aHuizinga, Johan. _964685 |
|
| 245 | 1 | 0 |
_aHomo ludens / _cJohan Huizinga ; [traducción por Eugenio Imaz]. |
| 260 |
_aMadrid : _bAlianza, _c[1972] |
||
| 300 |
_a269 p. ; _c18 cm. |
||
| 490 | 1 |
_aEl libro de bolsillo. _aHumanidades ; _v412 |
|
| 650 | 0 | 4 |
_aJuego. _914013 |
| 700 | 1 |
_aImaz, Eugenio. _965203 |
|
| 830 | 0 | 3 |
_aEl libro de bolsillo. _pHumanidades _v412 _9178672 |
| 852 |
_aES-MaACL _jC-54418 _bR.83508 |
||
| 999 |
_c81657 _d81657 |
||